Guardado en:
| Formato: | Desconocido |
|---|---|
| Publicado: |
El Salvador
|
| Materias: | |
| Etiquetas: |
Agregar Etiqueta
Sin Etiquetas, Sea el primero en etiquetar este registro!
|
MARC
| LEADER | 000000000a22000000004500 | ||
|---|---|---|---|
| 001 | 000273 | ||
| 041 | 0 | |a español | |
| 092 | 0 | |a Artículo 13: Ampo 1 | |
| 260 | |a El Salvador | ||
| 500 | |a Artículos recopilados por Alvaro Quesada Soto -- Contiene varios artículos: Antonia Navarro: de las aulas a la eternidad -- Incendios del Palacio Municipal -- Un grande entre nosotros: Garibaldi en El Salvador -- En San Miguel de la Frontera -- Un monumento escolar en el olvido -- El quiosco del Parque Bolívar -- Una prosa olvidada de Rubén Dario | ||
| 650 | 4 | |a NAVARRO HUEZO, ANTONIA, 1870-1891 | |
| 650 | 4 | |a FORMACION PROFESIONAL DE MAESTROS | |
| 650 | 4 | |a EL SALVADOR | |
| 650 | 4 | |a HISTORIA | |
| 650 | 4 | |a GARIBALDI, GIUSEPPE | |
| 650 | 4 | |a IMENDIA, CARLOS A. | |
| 650 | 4 | |a DARIO, RUBEN, SEUDONIMO, 1867-1916 | |
| 773 | 0 | |t El diario de hoy | |
| 773 | 0 | |g 1999 | |
| 999 | |c 1093 |d 1093 | ||
